| 000 | 00729nam a22001697a 4500 | ||
|---|---|---|---|
| 008 | 100729t2002 xxu||||| |||| 00| 0 ara d | ||
| 020 | _a9770177113 | ||
| 082 |
_222 _bش و ب _a320.54 |
||
| 100 | 1 |
_916897 _aالشوباشى، شريف |
|
| 245 |
_aالداء العربى / _cشريف الشوباشي |
||
| 260 |
_aالقاهرة : _bالهيئة المصرية العامة للكتاب ،2002 _c2002. |
||
| 300 |
_a318 ص : _bايض ؛ _c24 سم. |
||
| 541 |
_aألف باء ؛ _cشراء ؛ |
||
| 650 | 0 |
_916953 _aالعروبة |
|
| 942 |
_2ddc _cBB |
||
| 999 |
_c14574 _d14574 |
||